Online
Catalog

Compendio de un siglo de historia patria : (Record no. 26816)

MARC details
000 -CABECERA
campo de control de longitud fija 00745nam a2200181 a 4500
001 - NÚMERO DE CONTROL
campo de control 000027324
005 - FECHA Y HORA DE LA ÚLTIMA TRANSACCIÓN
campo de control 20240305085225.0
008 - DATOS DE LONGITUD FIJA--INFORMACIÓN GENERAL
campo de control de longitud fija 110331s2002 dr ac 000 | spa d
020 ## - NÚMERO INTERNACIONAL ESTÁNDAR DEL LIBRO
Número Internacional Estándar del Libro 9993402818
040 ## - FUENTE DE LA CATALOGACIÓN
Centro catalogador/agencia de origen DO-SdBNP
Lengua de catalogación spa
Centro/agencia transcriptor BNPHU
049 ## - FONDOS LOCALES (OCLC)
Fondos de biblioteca BNPD
100 1# - ENTRADA PRINCIPAL--NOMBRE DE PERSONA
Nombre de persona Barinas Coiscou, Sócrates,
Fechas asociadas al nombre 1916-2021
9 (RLIN) 24379
245 10 - MENCIÓN DE TÍTULO
Título Compendio de un siglo de historia patria :
Resto del título 1800-1900, un siglo al rescate de la dominicanidad /
Mención de responsabilidad, etc. Sócrates Barinas Coiscou ; editado por Domingo Peña Nina ; prólogo de Fernando Pérez Memén.
260 ## - PUBLICACIÓN, DISTRIBUCIÓN, ETC.
Lugar de publicación, distribución, etc. Santo Domingo :
Nombre del editor, distribuidor, etc. [s.n.],
Fecha de publicación, distribución, etc. 2002.
Fabricante (Impresos Comando)
300 ## - DESCRIPCIÓN FÍSICA
Extensión 251 p. :
Otras características físicas il., retrs. ;
Dimensiones 28 cm.
700 1# - PUNTO DE ACCESO ADICIONAL--NOMBRE DE PERSONA
Nombre de persona Peña Nina, Domingo,
Término indicativo de función/relación ed.
9 (RLIN) 19121
700 1# - PUNTO DE ACCESO ADICIONAL--NOMBRE DE PERSONA
Nombre de persona Pérez Memén, Fernando,
Fechas asociadas al nombre 1943-
Término indicativo de función/relación pról.
9 (RLIN) 38744
Holdings
Estado de retiro Estado de pérdida No para préstamo Código de colección Localización permanente Ubicación/localización actual Ubicación en estantería Fecha de adquisición Número de inventario Total de préstamos Signatura topográfica completa Código de barras Fecha visto por última vez Precio válido a partir de Tipo de ítem Koha
    Excluido de préstamo Patrimonio Dominicano Patrimonio Dominicano Patrimonio Dominicano Depósito 31.03.2011 LF1   27324-10 25.06.2020 25.06.2020 Libro y Folleto Colección Patrimonio Dominicano

Powered by Koha